000 00289nam a22001337a 4500
008 180912b xxu||||| |||| 00| 0 eng d
020 _a9780471681212
041 _aeng
080 _a510
100 _a36
101 _aMAT
245 _aApplied Calculus
_cConnelly, H.H
942 _2udc
_cBK
999 _c47718
_d47718